000 00259 a2200097 4500
001 55470
100 _a
245 _aHeat, light and sound ; latest portfolio of theory and practice
260 _aNew Delhi
_bDoare broth.
_c2003
090 _c34423
_d34423
942 _aNUST-CAE
_cMONOGRAPH
_c27140
999 _c290543
_d290543